[Event "Michigan Action"]
[Site "Flint"]
[Date "2002.12.07"]
[Round "3"]
[White "Sanders, Travis"]
[Black "Sowa, Jason"]
[Result "1-0"]
[WhiteElo "1276"]
[BlackElo "962"]
[PlyCount "98"]
[EventDate "2002.12.07"]
[EventType "swiss (rapid)"]
[EventRounds "6"]
[EventCountry "USA"]
[SourceTitle "EXT 2009"]
[Source "ChessBase"]
[SourceDate "2008.11.26"]
[SourceVersion "1"]
[SourceVersionDate "2008.11.26"]
[SourceQuality "1"]

1. e4 Nf6 2. Nc3 d5 3. e5 Ne4 4. Nxe4 dxe4 5. d4 exd3 6. Qxd3 Qxd3 7. Bxd3 Nc6 8. Bf4 g6 9. 0-0-0 Bd7 10. Bb5 0-0-0 11. Bxc6 Bxc6 12. Rxd8+ Kxd8 13. f3 e6 14. Nh3 h6 15. Rd1+ Kc8 16. Nf2 Bg7 17. h4 h5 18. Nd3 Rd8 19. Bg5 Re8 20. Rd2 Bb5 21. f4 b6 22. Nb4 a5 23. Nd3 Kb7 24. Nf2 Bc6 25. g4 Bf3 26. gxh5 Bxh5 27. Rd7 Rf8 28. Bd8 Bh6 29. Rxc7+ Ka6 30. Bg5 Bxg5 31. hxg5 b5 32. b3 Kb6 33. Re7 Bf3 34. Kd2 Bd5 35. Ng4 a4 36. Nh6 axb3 37. axb3 Be4 38. Nxf7 Bf5 39. Nd6 Bg4 40. Rf7 Rxf7 41. Nxf7 Bf5 42. Nd6 Bg4 43. c4 bxc4 44. Nxc4+ Kc5 45. Ne3 Bh3 46. Kc3 Kb5 47. Kd4 Kb4 48. Nc4 Kxb3 49. Kc5 Kc3 1-0

[Event "Flint Summer Scholastic op"]
[Site "Flint"]
[Date "2002.08.03"]
[Round "4"]
[White "Ford, Adam"]
[Black "Sanders, Travis"]
[Result "0-1"]
[WhiteElo "1232"]
[BlackElo "1271"]
[PlyCount "89"]
[EventDate "2002.08.03"]
[EventType "swiss"]
[EventRounds "5"]
[EventCountry "USA"]
[SourceTitle "EXT 2009"]
[Source "ChessBase"]
[SourceDate "2008.11.26"]
[SourceVersion "1"]
[SourceVersionDate "2008.11.26"]
[SourceQuality "1"]

1. e4 d6 2. d4 Nf6 3. Nc3 Bg4 4. f3 Bc8 5. Bc4 Nbd7 6. e5 dxe5 7. dxe5 Nxe5 8. Qxd8+ Kxd8 9. Bb3 e6 10. Nge2 Bc5 11. Bf4 Ng6 12. Bg5 Ke7 13. 0-0-0 Bd7 14. Rhe1 Bf2 15. Rf1 Bb6 16. Ne4 Bb5 17. Rfe1 Rad8 18. N2c3 Bc6 19. a3 h6 20. Nxf6 gxf6 21. Be3 Bxe3+ 22. Rxe3 Rxd1+ 23. Kxd1 Rd8+ 24. Ke1 Nf4 25. Kf1 h5 26. g3 Nd5 27. Nxd5+ Bxd5 28. Bxd5 Rxd5 29. Rc3 Kd6 30. Ke2 c5 31. Rd3 c4 32. Rxd5+ exd5 33. c3 Kc5 34. Ke3 Kd6 35. Kd4 b6 36. g4 h4 37. h3 a5 38. f4 a4 39. f5 b5 40. Ke3 Ke5 41. Ke2 Kf4 42. Kf2 Ke4 43. Ke2 d4 44. cxd4 Kxd4 45. Kd2 0-1